Zmluva o dielo

Zmluva o dielo uzavretá podľa ­ 526 a nasl. Obchodného zákonníka na zhotovenie projektu stavby a obstaraní výkonu autorského dozoru generálneho projektanta.

Enregistré dans:
Détails bibliographiques
Format: Chapitre de livre
Langue:slovaque
Sujets:
Tags: Ajouter un tag
Pas de tags, Soyez le premier à ajouter un tag!

MARC

LEADER 00000naa a2200000 4500
001 r015679
005 20221213113248.4
041 0 |a slo 
044 |a SK 
245 1 0 |a Zmluva o dielo 
520 |a Zmluva o dielo uzavretá podľa ­ 526 a nasl. Obchodného zákonníka na zhotovenie projektu stavby a obstaraní výkonu autorského dozoru generálneho projektanta. 
610 2 0 |a zmluvy o dielo 
610 2 0 |a zmluvy 
610 2 0 |a zákonník obchodný 
610 2 0 |a dozor stavebný 
610 2 0 |a projekty 
610 2 0 |a stavby